Poesías

Saved in:
Bibliographic Details
Main Author: Machado Ruíz, Antonio (autor)
Format: Book
Language:Spanish
Published: Buenos Aires Losada 1970
Series:Biblioteca Clásica y Contemporánea
Subjects:
Tags: Add Tag
No Tags, Be the first to tag this record!

MARC

LEADER 00000nam a2200000 a 4500
001 UCW4269
003 CL-VaPUC
008 891123e19700000AG |||||||||||||||||spa|d
082 0 4 |a 861  |b MAC  |2 21 
100 |a Machado Ruíz, Antonio  |e autor  |9 861644 
245 1 0 |a Poesías 
300 |a 271 p 
942 |c BK 
945 |d 19891123 00:00:00 
260 |a Buenos Aires  |b Losada  |c 1970 
650 0 |a Poesías españolas  |9 265100 
583 |a last modification  |c 19891123 00:00:00  |k Rodrigo Vera 
490 0 |a Biblioteca Clásica y Contemporánea 
999 |c 218041  |d 218039 
952 |0 0  |1 0  |4 0  |6 861_000000000000000_MAC_1970  |7 0  |8 A  |9 206875  |a BIBEDU  |b BIBEDU  |d 2019-11-15  |i 2746867  |o 861 MAC 1970  |p 2746867  |r 2019-11-15  |w 2019-11-15  |y BK  |k EDU